000 00387nam a2200169Ia 4500
003 OSt
005 20240213113535.0
008 170619s9999 xx 000 0 und d
020 _a9780070669277
040 _cIIMT ENGINEERING COLLEGE
100 _aRAO P RAMAKRISHNA
245 0 _aSIGNALS AND SYSTEMS
260 _bTATA M
260 _c2009
546 _aENGLISH
942 _2ddc
_c01
999 _c19048
_d19048